[Event "Lublin Chmielewski Memorial-B"]
[Site "Lublin"]
[Date "2013.12.27"]
[Round "3"]
[White "Czupkallo, Zbigniew"]
[Black "Bojczewski, Rafal"]
[Result "0-1"]
[WhiteElo "1400"]
[BlackElo "1600"]
[PlyCount "78"]
[EventDate "2013.12.27"]
[EventType "swiss"]
[EventRounds "7"]
[EventCountry "POL"]
[SourceTitle "CBM 158 Extra"]
[Source "ChessBase"]
[SourceDate "2014.02.28"]
[SourceVersion "1"]
[SourceVersionDate "2014.02.28"]
[SourceQuality "1"]

1. e4 e5 2. d4 exd4 3. Nf3 Bc5 4. Bc4 Nc6 5. Ng5 Ne5 6. f4 Nxc4 7. Qh5 Qe7 8. b3 Nf6 9. Qf3 Ne3 10. Bxe3 dxe3 11. e5 Ng8 12. Nc3 Bd4 13. Nge4 b6 14. Nd5 Qd8 15. c3 Bb7 16. cxd4 Bxd5 17. Qxe3 Bxe4 18. Qxe4 Ne7 19. d5 0-0 20. 0-0 d6 21. e6 fxe6 22. Qxe6+ Kh8 23. Rae1 Re8 24. f5 Ng8 25. Qf7 Re7 26. Qh5 Nf6 27. Qd1 Re5 28. Rxe5 dxe5 29. Rf2 Qd6 30. g4 Rd8 31. g5 Nxd5 32. Rd2 Qc5+ 33. Rf2 Rd6 34. h4 Nc3 35. Qf3 Rd1+ 36. Kh2 Qd4 37. Kh3 Rh1+ 38. Rh2 Rxh2+ 39. Kxh2 Qxh4+ 0-1